Normal view MARC view
  • Dr. Majid Ali

Entry Personal Name

Number of records used in: 45

001 - CONTROL NUMBER

  • control field: 29033

003 - CONTROL NUMBER IDENTIFIER

  • control field: NUST

005 - DATE AND TIME OF LATEST TRANSACTION

  • control field: 20200317120834.0

008 - FIXED-LENGTH DATA ELEMENTS

  • fixed length control field: 200317|| aca||aabn | a|a d

040 ## - CATALOGING SOURCE

  • Original cataloging agency: NUST
  • Transcribing agency: NUST

100 ## - HEADING--PERSONAL NAME

  • Personal name: Dr. Majid Ali

670 ## - SOURCE DATA FOUND

  • Source citation: Work cat.: (NUST): Ehsan ur Rehman 29032, A study on voltage profile enhancement of smart distribution networks using dynamic voltage restorer (DVR) /, 2017.
© 2023 Central Library, National University of Sciences and Technology. All Rights Reserved.